• 首页
  • 本馆介绍
  • 公告通知
  • 最新文献
  • 馆藏检索
  • 电子资源
  • 读者导购
  • 参考咨询
  • 我的图书馆
  • 登录
  • 详细信息显示
  • 放入我的书架
  • 预约/预借图书
  • 作者相关作品
  • 分类相关作品
  • 丛书相关作品
  • 出版社相关作品

书目信息

  • 表格格式
  • 工作单格式
  • 卡片格式
题名:
相象而生
    
 
作者: 袁红立 著
分册:  
出版信息: 北京   中国水利水电出版社  2021.3
页数: 111页
开本: 28×29cm
丛书名:
单 册:
中图分类: J213.052
科图分类:
主题词: 油画--风景画--绘画评论--中国--现代
电子资源:
ISBN: 978-7-5170-7449-6
000 01162nam0 2200253 45
001 012001001605
005 20141010151043.0
010    @a978-7-5170-7449-6@dCNY69.00
100    @a20190424d2019 em y0chiy50 ea
101 0  @achi
102    @aCN@b110000
105    @aa z 000yy
106    @ar
200 1  @a相象而生@Axiang xiang er sheng@b专著@e油画风景艺术的形而上探索@f袁红立著
210    @a北京@c中国水利水电出版社@d2021.3
215    @a111页@c彩图@d28×29cm
300    @a其他题名:油画风景艺术的形而上探索
330    @a本书首先从相、象、形而上三大方面论述主观意识对客观存在的反映与作用,主要涉及相——主观意识改造客观存在的行为集合,象——主观意识改造客观存在图式集合,形而上——主观意识改造客观存在思维方法,最后以个人作品展示来表现相象而生——油画风景艺术的形而上探索。全书结构严谨,条理清晰,图文并茂,不论是用作专业的学术研究,还是一般性质的阅读与欣赏,都具有较好的参考价值。
517 1  @a油画风景艺术的形而上探索@Ayou hua feng jing yi shu de xing er shang tan suo
606 0  @a油画@x风景画@x绘画评论@y中国@z现代
690    @aJ213.052@v5
701  0 @a袁红立@Ayuan hong li@4著
801  2 @aCN@b江苏凤凰@c20211018
905    @b1345001-4@dJ213.052@e1421@f4
    
    相象而生:油画风景艺术的形而上探索/袁红立著.-北京:中国水利水电出版社,2021.3
    111页:彩图;28×29cm
    其他题名:油画风景艺术的形而上探索
    
    ISBN 978-7-5170-7449-6:CNY69.00
    本书首先从相、象、形而上三大方面论述主观意识对客观存在的反映与作用,主要涉及相——主观意识改造客观存在的行为集合,象——主观意识改造客观存在图式集合,形而上——主观意识改造客观存在思维方法,最后以个人作品展示来表现相象而生——油画风景艺术的形而上探索。全书结构严谨,条理清晰,图文并茂,不论是用作专业的学术研究,还是一般性质的阅读与欣赏,都具有较好的参考价值。
●
相关链接 在E读中查询图书 在五车中查询图书 在当当中查询图书 在豆瓣中查询图书


正题名:相象而生     索取号:J213.052/1421         预约/预借

序号 登录号 条形码 馆藏地/架位号 状态 备注
1 1345001   213450013   第一样本阅览室/ [索取号:J213.052/1421] 在馆    
2 1345002   213450022   第一借阅区/ [索取号:J213.052/1421] 在馆    
3 1345003   213450031   第一借阅区/ [索取号:J213.052/1421] 在馆    
4 1345004   213450040   第一借阅区/ [索取号:J213.052/1421] 在馆    
唐山师范学院图书馆 欢迎您!
大连网信软件有限公司© 版权所有